Writing academic English / (رقم التسجيلة. 85215)
[ عرض عادي ]
| 000 -الفاتح | |
|---|---|
| حقل البيانات ثابتة الطول | 01452nam a2200361 4500 |
| 001 - رقم الضبط | |
| رقم الضبط | |
| 003 - محدد رقم الضبط | |
| رقم الضبط | OSt |
| 005 - وقت وتاريخ اخر تعامل مع التسجيلة | |
| رقم الضبط | 20221214141434.0 |
| 008 - عناصر البيانات ثابتة الطول - معلومات عامة | |
| حقل البيانات ثابتة الطول | 050627s2006 nyua 001 0 eng d |
| 020 ## - الرقم الدولى المعيارى للكتب | |
| الرقم الدولى المعيارى للكتاب | 0131523597 |
| 020 ## - الرقم الدولى المعيارى للكتب | |
| الرقم الدولى المعيارى للكتاب | 9780131523593 |
| 040 ## - مصدر الفهرسة | |
| وكالة الفهرسة الأصلية | DLC |
| وكالة النسخ | DLC |
| وكالة التعديل | IG# |
| -- | BAKER |
| -- | BTCTA |
| -- | YDXCP |
| -- | DLC |
| 050 00 - رقم طلب مكتبة الكونجرس | |
| رقم التصنيف | PE1408 |
| رقم المادة | .H6644 2006 |
| 082 00 - رقم تصنيف ديوى العشرى | |
| رقم الطبعة | 22 |
| رقم التصنيف | 808.042 |
| رقم المادة | OAW |
| 100 1# - المدخل الرئيسى - إسم شخصى | |
| الإسم الشخصى | Oshima, Alice. |
| 245 10 - بيان العنوان | |
| العنوان | Writing academic English / |
| بيان المسئوليه,etc | Alice Oshima, Ann Hogue. |
| 250 ## - بيان الطبعة | |
| بيان الطبعة | 4th ed. |
| 260 ## - PUBLICATION, DISTRIBUTION, ETC. (IMPRINT) | |
| مكان الناشر او الموزع | White Plains, NY : |
| اسم الناشر او الموزع | Pearson/Longman, |
| تاريخ النشر أو التوزيع | 2006. |
| 300 ## - الوصف المادى | |
| التعداد | xi, 337 p. : |
| تفاصيل ماديه اخرى للوعاء | ill. ; |
| أبعاد الوعاء | 28 cm. |
| 500 ## - تبصرة عامة | |
| تبصرة عامة | Includes index. |
| 504 ## - تبصرة ببليوجرافية | |
| تبصرة ببليوجرافية,الخ | يشتمل على قائمة ببليوجرافية. |
| 505 0# - تبصرة محتويات-الفهرس | |
| تبصرة المحتويات المصاغة | pt. 1. Writing a paragraph -- pt. 2. Writing an essay -- pt. 3. Sentence structure. |
| 650 #0 - المدخل الاضافى بالموضوع-مصطلح موضوعى | |
| مصطلح موضوعي أو اسم جغرافي كعنصر مدخل | English language |
| التقسيم الفرعي العام | Rhetoric |
| التقسيم الفرعي الشكلي | Handbooks, manuals, etc. |
| 650 #0 - المدخل الاضافى بالموضوع-مصطلح موضوعى | |
| مصطلح موضوعي أو اسم جغرافي كعنصر مدخل | English language |
| التقسيم الفرعي العام | Grammar |
| التقسيم الفرعي الشكلي | Handbooks, manuals, etc. |
| 650 #0 - المدخل الاضافى بالموضوع-مصطلح موضوعى | |
| مصطلح موضوعي أو اسم جغرافي كعنصر مدخل | English language |
| التقسيم الفرعي الشكلي | Textbooks for foreign speakers. |
| 650 #0 - المدخل الاضافى بالموضوع-مصطلح موضوعى | |
| مصطلح موضوعي أو اسم جغرافي كعنصر مدخل | Academic writing |
| التقسيم الفرعي الشكلي | Handbooks, manuals, etc. |
| 650 #0 - المدخل الاضافى بالموضوع-مصطلح موضوعى | |
| مصطلح موضوعي أو اسم جغرافي كعنصر مدخل | Report writing |
| التقسيم الفرعي الشكلي | Handbooks, manuals, etc. |
| 700 1# - المدخل الاضافى - اسم شخصى | |
| الإسم الشخصى | Hogue, Ann. |
| 856 41 - الوصول و الموقع الالكترونى | |
| معرف المصدر الموحد | http://www.loc.gov/catdir/toc/ecip0515/2005017872.html |
| 952 ## - LOCATION AND ITEM INFORMATION (KOHA) | |
| نوع المادة فى نظام كوها | كتاب |
| 942 ## - | |
| -- | ddc |
| -- | BOOK |
| 906 ## - عنصر بيانات محلى F, LDF (RLIN) | |
| a | 7 |
| b | cbc |
| c | orignew |
| d | 1 |
| e | ecip |
| f | 20 |
| g | y-gencatlg |
| حالة الفقد | نموذج السعر الفعال | حالة تلف | ليس للاعارة | تاريخ الاكتساب | رقم الطلب | تاريخ الاكتساب | الموقع الحالي | الباركود | الفرع الرئيسي | Date last seen | مصدر التصنيف او خطة الترفيف | Total Checkouts |
|---|---|---|---|---|---|---|---|---|---|---|---|---|
| 2022-12-14 | Not For Loan | 2022-12-14 | 808.042 OAW | 2022-12-14 | CL | 00270358 | المكتبة المركزية بالمجمعة (CL) | 2022-12-14 | Dewey Decimal Classification |
